Najpopularniejsze imiona w Polsce w 2024 dla dziewczynek - Statystyki

Ogólne statystyki
  • Ten quiz został rozwiązany 93 razy
  • Średni wynik to 6 z 10
Statystyki odpowiedzi
Hint Odpowiedź % Poprawnych
6. Julia
81%
2. Zofia
80%
1. Maja
75%
3. Zuzanna
75%
4. Hanna
67%
10. Maria
59%
7. Oliwia
59%
5. Laura
49%
8. Pola
45%
9. Alicja
44%
Nie znaleziono quizów pasujących do podanych kryteriów
Rozkład punktacji
Procent ludzi z każdym wynikiem
Percentyl według liczby udzielonych odpowiedzi
Twoja historia wyników
Nie rozwiązałeś tego quizu